| 000 | 00695cam a2200241 a 4500 | ||
|---|---|---|---|
| 001 | 952563 | ||
| 005 | 20231214045107.0 | ||
| 008 | 841003s1985 nyu b 000 0 eng | ||
| 020 | _a0394539133 | ||
| 020 | _a0394726472 (pbk.) | ||
| 040 |
_aDLC _cDLC _dDLC |
||
| 082 | 0 | 0 |
_a809/.89287 _219 |
| 245 | 0 | 4 |
_aThe New feminist criticism : _bessays on women, literature, and theory / _cedited by Elaine Showalter. |
| 250 | _a1st ed. | ||
| 260 |
_aNew York : _bPantheon, _cc1985. |
||
| 300 | _aix, 403 p. ; | ||
| 650 | 0 | _aFeminist literary criticism. | |
| 650 | 0 | _aLiterature | |
| 650 | 0 | _aFeminism and literature. | |
| 650 | 0 | _aWomen and literature. | |
| 700 | 1 | _aShowalter, Elaine. | |
| 942 | _cBK | ||
| 999 |
_c175 _d175 |
||